LEADER 01471nam a2200361 a 4500 001 000000058029 003 CaOOAMICUS 005 20130327094641.0 008 010522s1991 it u000 u ita r 020 $a88-7198-066-2 035 $a10889971 040 $aPUL(R)$bita 041 1 $aita$hfre 100 1 $aJouvenel, Bertrand de.$0(OLS)http://pul/name/30127 240 10$aDu pouvoir.$lItaliano.$0(OLS)http://pul/title/77710 245 10$aDel potere :$bstoria naturale della sua crescita /$cBertrand de Jouvenel. 260 $aMilano :$bSugarCo$g1991 300 $a463 p. ;$c21 cm 490 1 $aArgomenti ;$v134 504 $aNote bibliografiche. 650 4$aAutorità.$0(OLS)http://pul/subject/9446 650 4$aPotere.$0(OLS)http://pul/subject/7371 830 0$aArgomenti (Sugarco) ;$v134.$0(OLS)http://pul/title/12795 850 $aPUL 852 $aPUL$W1$xSL Religione 2$y84$mRH D3 217$j75820$nBK-PRI$b $qStampati altre collocazioni$B75820$CPULBib$Z2$F75820 $H $81 852 $aPUL$W1$xDP1 Fondo E. Rossi$y115$m1 J 34$j153263$qFondi$B152814$CPULBib$Z2$F152814 $82 941 1 $a10 941 1 $a1 961 $aSul dorso collocazione ms. di E. Rossi: J 22 1 996 $6020$a88-7198-066-2$9(OLS)http://pul/number/152262 996 $6245$aDel potere :$bstoria naturale della sua crescita$9(OLS)http://pul/title/77711 996 $6260$aMilano :$bSugarCo$9(OLS)http://pul/publisher/48978 LEADER 01763nam a2200385 u 4500 001 000000056726 003 CaOOAMICUS 005 20150721151029.0 008 010419s1978 it u000 u ita u 035 $a10885966 040 $aPUL(R)$bita 041 0 $aita$hger 100 1 $aJüngel, Eberhard,$d1934-$0(OLS)http://pul/name/44137 240 10$aPaulus und Jesus, Eine untersuchung zur prazisierung der frage nach der ursprung der christologie.$lItaliano.$0(OLS)http://pul/title/75880 245 10$aPaolo e Gesù :$balle origini della cristologia /$cEberhard Jüngel; traduzione di Renato Bazzano. 260 $aBrescia :$bPaideia,$c1978. 300 $a381 p.$c23 cm 490 1 $aBiblioteca teologica ;$v13 500 $aContiene indici. 504 $aBibliografia: p.[357]-369. 650 4$aCristologia.$0(OLS)http://pul/subject/1402 700 1 $aBazzano, Renato.$0(OLS)http://pul/name/25270 830 0$aBiblioteca teologica ;$v13.$0(OLS)http://pul/title/822 850 $aPUL 852 $aPUL$W1$xSL Religione 1$y3$m65 E 36$j74354$n $b $qStampati$B74354$CPULBib$Z2$F74354 $H $81 852 $aPUL$W1$xDP1 Fondo S. Lanza$y121$m3 L 24.13$j167750$qFondi$B168315$CPULBib$Z2$F168315 $HLAN1245 $82 852 $aPUL$W1$xDP1 Fondo Bordoni$y120$m3 E 59$j166656$qFondi$B174396$CPULBib$Z2$F174396 $HBor158 $81 941 1 $a8 941 1 $a1 960 $aIesus Christus$91402 960 $aIesus Christus$91402 961 $aINV: 46146 961 $aNota ms. di possesso: Sergio Lanza 996 $6245$aPaolo e Gesù :$balle origini della cristologia$9(OLS)http://pul/title/75881 996 $6260$aBrescia :$bPaideia$9(OLS)http://pul/publisher/47884